Fr. Conceicao Rodrigues College of Engineering

Introduction to Statistical methods (Record no. 27517)

MARC details
000 -LEADER
fixed length control field 00320nam a2200145Ia 4500
082 ## - DEWEY DECIMAL CLASSIFICATION NUMBER
Classification number 519.5
Item number GUP
100 ## - MAIN ENTRY--PERSONAL NAME
Personal name Gupta/C.B
245 ## - TITLE STATEMENT
Title Introduction to Statistical methods
260 ## - PUBLICATION, DISTRIBUTION, ETC.
Name of publisher, distributor, etc. Vikas pub.
Place of publication, distribution, etc. New Delhi
Date of publication, distribution, etc. 1987
300 ## - PHYSICAL DESCRIPTION
Extent 758 XXVII
546 ## - LANGUAGE NOTE
Language note ENGLISH
654 ## - SUBJECT ADDED ENTRY--FACETED TOPICAL TERMS
Focus term statistical
942 ## - ADDED ENTRY ELEMENTS (KOHA)
Koha item type BOOK
Holdings
Withdrawn status Lost status Damaged status Not for loan Collection Home library Current library Date acquired Cost, normal purchase price Total Checkouts Full call number Barcode Date last seen Cost, replacement price Price effective from Koha item type Date last checked out
        CRC Fr. Agnel's C.Rodrigues College of Engineering Fr. Agnel's C.Rodrigues College of Engineering 17/03/2023 60.00   519.5 GUP 1560 17/03/2023 60.00 17/03/2023 BOOK  
        CRC Fr. Agnel's C.Rodrigues College of Engineering Fr. Agnel's C.Rodrigues College of Engineering 17/03/2023 60.00 2 519.5 GUP 1561 12/04/2024 60.00 17/03/2023 BOOK 28/03/2024
        CRC Fr. Agnel's C.Rodrigues College of Engineering Fr. Agnel's C.Rodrigues College of Engineering 17/03/2023 60.00   519.5 GUP 1562 17/03/2023 60.00 17/03/2023 BOOK  
        CRC Fr. Agnel's C.Rodrigues College of Engineering Fr. Agnel's C.Rodrigues College of Engineering 17/03/2023 60.00   519.5 GUP 1563 17/03/2023 60.00 17/03/2023 BOOK